|
|
|
|
| LEADER |
00000cam a2200000 a 4500 |
| 001 |
vtls001223090 |
| 003 |
SK-MaSNL |
| 005 |
20260301003209.0 |
| 008 |
240226s1996 xo era 000 f slo |
| 015 |
|
|
|a SNBA1997/0200319
|
| 020 |
|
|
|a 8022007218
|
| 035 |
|
|
|a SNK000168978
|
| 035 |
|
|
|a urn:nbn:sk:snk-amk3gt
|
| 035 |
|
|
|a urn:nbn:sk:snk-am0058m9
|
| 035 |
|
|
|a D1F74040-49FB-4E4A-9BA9-018838A48F3B
|
| 040 |
|
|
|a SNK
|b slo
|c SNK
|e AACR2
|
| 041 |
1 |
|
|a slo
|h eng
|
| 044 |
|
|
|a xo
|c SK
|
| 072 |
|
7 |
|a 821.111(73)-3
|x Americká próza
|2 konspekt
|
| 080 |
|
|
|a 821.111(73)-31
|2 2001
|
| 100 |
1 |
|
|a Heron, Echo
|4 aut
|9 41368
|
| 240 |
1 |
0 |
|a Intensive care
|l Slovensky
|
| 245 |
1 |
0 |
|a Intenzívna starostlivosť
|b príbeh zdravotnej sestry
|c Echo Heronová
|
| 250 |
|
|
|a 1. vyd.
|
| 260 |
|
|
|a Bratislava
|b Slovenský spisovateľ
|c c1996
|
| 300 |
|
|
|a 304 s.
|c 21 cm
|
| 500 |
|
|
|a Ilustrácie na titulnej strane
|
| 500 |
|
|
|a Z anglického originálu preložil Jozef Kot
|
| 655 |
|
7 |
|a americké romány
|2 SNKPH
|9 1174
|
| 655 |
|
7 |
|a American fiction
|2 SNKPHeng
|9 281076
|
| 700 |
1 |
|
|a Kot, Jozef,
|d 1936-2022
|4 trl
|9 87654
|
| 852 |
|
|
|a Slovenská národná knižnica
|
| 919 |
|
|
|a 80-220-0721-8
|
| 954 |
|
|
|a beletria cudzojazyčná (svetová)
|2 lita
|
| 958 |
|
|
|a OND
|
| 958 |
|
|
|a TL
|
| 958 |
|
|
|a UP
|
| 958 |
|
|
|a LX
|
| 958 |
|
|
|a NS
|
| 958 |
|
|
|a US
|
| 968 |
|
|
|b ENG
|
| 999 |
|
|
|c 538930
|d 540860
|
| 952 |
|
|
|t P60, <09>, [BOOK], {629}
|a SNK
|b SNK
|y NEVYP
|7 0
|o snkC 3085
|i snk4031/961118
|0 0
|1 0
|4 0
|d 1996-11-15
|l 0
|r 2005-01-01 00:00:00
|w 2026-02-23
|
| 952 |
|
|
|t P60, <03>, [BOOK], {603}
|a SNK
|b SNK
|y PREZ
|7 0
|p 17A0017350
|o snkSC 91694
|i snkKSP 9841/96
|0 0
|1 0
|4 0
|d 1996-11-15
|f 1
|l 0
|r 2025-09-10 00:00:00
|w 2026-02-23
|
| 952 |
|
|
|t P60, <05>, [BOOK], {605}
|a SNK
|b SNK
|y PREZ
|7 0
|p 17A0017351
|o snkSC 91694 D1
|i snkKSP 9842/96
|0 0
|1 0
|4 0
|d 1996-11-15
|l 0
|r 2005-01-01 00:00:00
|w 2026-02-23
|